000 00647nam a2200241 u 4500
001 000061819
005 20200120224123.0
008 140707s2008 sp a ar| 000 0 spa d
020 _a9789589159873
041 0 _aAspa
043 _as-p----
082 0 4 _221
090 _aA
_bOXEv 2008
100 1 _aOxenbury, Helen
245 1 0 _aVacaciones :
_bHelen Oxenbury.
250 _a5 ed.
260 _aBarcelona :
_bJuventud,
_c2008.
300 _a[9] p. :
_bil.,col ;
_e15 cm.
650 1 7 _aVacaciones en la literatura
_2LEMB
650 2 7 _aFamilia en la literatura
_2LEMB
650 2 7 _aÁlbum infantil
_2LEMB
650 2 7 _aLiteratura infantil
_2LEMB
999 _c8093
_d8093